PMO diary-I : (Record no. 134659)

MARC details
000 -LEADER
fixed length control field 00727nam a22002417a 4500
005 - DATE AND TIME OF LATEST TRANSACTION
control field 20170124110231.0
010 ## - LIBRARY OF CONGRESS CONTROL NUMBER
LC control number B-077879
020 ## - INTERNATIONAL STANDARD BOOK NUMBER
Terms of availability 00.00
International Standard Book Number 812200637
035 ## - SYSTEM CONTROL NUMBER
System control number B-077879
037 ## - SOURCE OF ACQUISITION
Source of stock number/acquisition Cen Lib/Ret
040 ## - CATALOGING SOURCE
Original cataloging agency DPL
Language of cataloging EN
082 ## - DEWEY DECIMAL CLASSIFICATION NUMBER
Classification number 080
Item number TAN
100 ## - MAIN ENTRY--PERSONAL NAME
Personal name Tandon, B. N.
9 (RLIN) 41357
245 ## - TITLE STATEMENT
Title PMO diary-I :
Statement of responsibility, etc by B. N. Tandon
Remainder of title prelude to the emergency /
246 ## - VARYING FORM OF TITLE
Remainder of title
260 ## - PUBLICATION, DISTRIBUTION, ETC. (IMPRINT)
Name of publisher, distributor, etc Konark Publishers
Date of publication, distribution, etc 2003
Place of publication, distribution, etc New Delhi
270 ## - ADDRESS
City New Delhi
Address A-149, Main Vikas Marg
Postal code 110092
300 ## - PHYSICAL DESCRIPTION
Extent li,567p.
Dimensions 22cm(Hb)
500 ## - GENERAL NOTE
General note Includes index
650 ## - SUBJECT ADDED ENTRY--TOPICAL TERM
Topical term or geographic name as entry element Gandhi, Indira, -- 1917-1984
9 (RLIN) 41358
650 ## - SUBJECT ADDED ENTRY--TOPICAL TERM
Topical term or geographic name as entry element India -- Officials and employees -- Diaries
9 (RLIN) 41359
942 ## - ADDED ENTRY ELEMENTS (KOHA)
Source of classification or shelving scheme Dewey Decimal Classification
Koha item type English Books
Classification part 080
Call number suffix TAN
Holdings
Withdrawn status Lost status Damaged status Not for loan Home library Current library Date acquired Source of acquisition Cost, normal purchase price Total Checkouts Total Renewals Full call number Barcode Date last seen Date checked out Copy number Cost, replacement price Price effective from Koha item type
        Central Library Central Library 30/07/2015 Cen Lib/Ret 0.00 1 2 080 TAN B-077879 29/10/2024 18/09/2024 1 0.00 30/07/2015 English Books

© Delhi Public Library
Hit Counter
free hit counter